[Event "84th Annual Southwest Open"]
[Site "Irving"]
[Date "2018.09.04"]
[Round "9"]
[White "Kumar, Naman"]
[Black "Huang, Max"]
[Result "1/2-1/2"]
[WhiteElo "1914"]
[BlackElo "1805"]
[Annotator "NA RC"]
[PlyCount "85"]
[EventDate "2018.08.31"]
[EventType "swiss"]
[EventCountry "USA"]
[SourceTitle "playchess.com"]
[Source "ChessBase"]
[SourceQuality "1"]
[TimeControl "5400+30"]

{[%evp 9,72,30,22,32767,32767,32767,32767,32767,32767,32767,32767,32767,32767,32767,32767,32767,32767,32767,32767,64,32767,32767,37,38,32767,7,26,8,46,40,45,-37,-44,-41,-24,-49,-43,-63,-54,-56,0,0,32767,72,96,32767,102,52,58,57,92,87,32767,32767,32767,190,161,0,0,0,32767,32767,0,0,0]} 1. e4 {[%emt 0:00:00]} c5 {[%emt 0:00:00]} 2. Nf3 {[%emt 0:00:00]} e6 {[%emt 0:00:00]} 3. d4 {[%emt 0:00:00]} cxd4 {[%emt 0:00:00]} 4. Nxd4 {[%emt 0:00:00]} a6 {[%emt 0:00:00]} 5. c4 {[%emt 0:00:01] LiveBook: 2734 Games} Qc7 {[%emt 0:00:00]} 6. Nc3 {[%emt 0:00:19]} d6 {[%emt 0:00:00]} 7. Be2 {[%emt 0:00:09]} Nf6 {[%emt 0:00:06]} 8. O-O {[%emt 0:00:24]} Nbd7 {[%emt 0:00:03]} 9. Be3 {[%emt 0:00:17]} b6 {[%emt 0:00:52]} 10. Qd2 {[%emt 0:00:21]} Bb7 {[%emt 0:02:18]} 11. f3 {[%emt 0:00:17]} Be7 {[%emt 0:00:14]} 12. Rfc1 {[%emt 0:00:21]} O-O {[%emt 0:00:43]} 13. a4 {[%emt 0:00:12] B41: Sizilianisch (Paulsen-Variante)} (13. b4 Rac8 14. Nb3 Qb8 15. Bf1 Rfe8 16. Qf2 Bd8 17. Na4 Ba8 18. c5 b5 19. Nc3 Bc7 20. g3 dxc5 21. Nxc5 Nxc5 22. bxc5 {1-0 (45) Nepomniachtchi,I (2729)-Ponkratov,P (2613) Riadh 2017}) 13... a5 {[%emt 0:02:17]} 14. Ndb5 {[%emt 0:11:12]} Qb8 {[%emt 0:00:30]} 15. Bf4 {[%emt 0:03:06]} Nc5 $146 {[%emt 0:11:05]} ({Vorgänger:} 15... Ne5 16. Rd1 Rd8 17. Kh1 Bc6 18. Qe3 h6 19. Qf2 Nfd7 20. Qg3 Kh7 {1-0 (45) Drabke,L (2441)-Jens,J (2375) Deizisau 2003}) 16. Qc2 {[%emt 0:07:30]} ({Wrong is} 16. Nxd6 $2 Nb3 $17) 16... Nfd7 {[%emt 0:04:27]} 17. Rd1 {[%emt 0:03:44]} Ne5 {[%emt 0:00:17]} 18. Be3 {[%emt 0:01:18]} Rd8 {[%emt 0:03:12]} 19. f4 {[%emt 0:05:35]} Nc6 {[%emt 0:00:51]} 20. Bxc5 {[%emt 0:02:51]} (20. Bf3 $14) 20... bxc5 {[%emt 0:02:35]} 21. Bf3 {[%emt 0:02:14]} Bf6 {[%emt 0:05:10]} 22. Kh1 {[%emt 0:06:24]} g6 {[%emt 0:07:18]} 23. Qd2 {[%emt 0:10:10]} Nd4 {[%emt 0:05:27]} 24. Nxd4 {[%emt 0:03:36]} Bxd4 {[%emt 0:00:35]} (24... cxd4 $15 25. Nb5 e5) 25. Nb5 {[%emt 0:02:54]} Bg7 {[%emt 0:03:40]} 26. Ra3 {[%emt 0:05:18]} Ra6 {[%emt 0:07:11]} 27. Rd3 {[%emt 0:02:04]} Bf8 {[%emt 0:03:27] [#]} 28. e5 $1 {[%emt 0:02:24]} Bxf3 {[%emt 0:00:09]} 29. gxf3 {[%emt 0:00:42]} Qb7 {[%emt 0:04:42]} 30. exd6 {[%emt 0:03:19]} Raxd6 {[%emt 0:10:23]} 31. Nxd6 {[%emt 0:01:05]} Rxd6 {[%emt 0:00:06]} 32. Rxd6 {[%emt 0:02:55]} Bxd6 {[%emt 0:00:06]} 33. Qxd6 $2 {[%emt 0:01:46]} (33. Kg2 $16 Be7 34. Qc3 (34. Qxa5 Qxb2+ 35. Rd2 Qb3 $18)) 33... Qxf3+ {[%emt 0:00:05]} 34. Kg1 {[%emt 0:00:05]} Qe3+ {[%emt 0:00:44]} 35. Kg2 {[%emt 0:00:21]} Qe2+ {[%emt 0:00:35]} 36. Kg3 {[%emt 0:00:42]} Qe3+ $11 {[%emt 0:00:06]} 37. Kg4 {[%emt 0:00:12]} Qe2+ {[%emt 0:29:16]} 38. Kg3 {[%emt 0:01:09]} Qe3+ {[%emt 0:00:00]} 39. Kh4 {[%emt 0:00:22]} Qf2+ {[%emt 0:00:00]} 40. Kg5 {[%emt 0:02:05]} h6+ {[%emt 0:00:00]} 41. Kf6 {[%emt 0:00:12]} Qh4+ {[%emt 0:00:00]} 42. Ke5 {[%emt 0:00:06]} Qh5+ {[%emt 0:00:00]} 43. Ke4 {[%emt 0:23:48]} 1/2-1/2

[Event "84th Annual Southwest Open"]
[Site "Irving"]
[Date "2018.09.04"]
[Round "9"]
[White "Oberoi, Shelev"]
[Black "Cervantes Landeiro, Thalia"]
[Result "1/2-1/2"]
[WhiteElo "1896"]
[BlackElo "2172"]
[Annotator "TA"]
[PlyCount "132"]
[EventDate "2018.08.31"]
[EventType "swiss"]
[EventCountry "USA"]
[SourceTitle "playchess.com"]
[Source "ChessBase"]
[SourceQuality "1"]

{[%evp 17,132,37,24,8,12,1,11,-15,-2,-26,6,-22,52,43,55,39,58,54,48,-51,-12,-10,112,112,120,125,114,72,70,67,69,68,61,70,118,95,180,175,173,97,99,83,81,79,109,63,56,53,62,31,70,14,14,0,0,0,11,12,10,10,20,17,55,55,55,55,55,46,55,55,55,55,55,55,55,55,55,55,55,55,55,55,55,55,55,55,55,55,55,55,55,55,55,55,55,0,55,55,55,55,55,55,55,55,55,55,55,55,55,55,55,55,55,55,55,55,55]} 1. e4 e5 2. Nf3 Nc6 3. Bc4 Bc5 4. O-O Nf6 5. d3 O-O 6. c3 d6 7. a4 a6 8. Na3 {C54: Italienische Partie (Hauptvariante)} (8. Re1 h6 9. h3 Re8 10. Nbd2 Be6 11. b4 Bxc4 12. Nxc4 Ba7 13. Qc2 d5 14. Ne3 Bxe3 15. Bxe3 Qd7 {1-0 (44) Vachier Lagrave,M (2789)-Kramnik,V (2792) Paris 2018}) 8... Ba7 9. Bg5 Be6 {LiveBook: 3 Partien} 10. Qe2 {Weiß hat minimalen Vorteil.} Qe7 11. Nc2 $146 ({Vorgänger:} 11. Rad1 Rfe8 12. Bxe6 Qxe6 13. Nc2 h6 {0-1 (46) Joppich,T (1714)-Mailitis,R (1633) Willingen 2017}) 11... h6 12. Bh4 g5 13. Bg3 Nh5 14. Ne3 Nf4 (14... Bxe3 $11 15. Qxe3 Bxc4 16. dxc4 Ng7) 15. Bxf4 $14 exf4 16. Nd5 Bxd5 17. Bxd5 g4 18. Nd4 (18. Nd2 $14) 18... f3 19. gxf3 {[#] Droht stark Sf5.} Bxd4 (19... Nxd4 $11 {hält das Gleichgewicht.} 20. cxd4 gxf3 21. Qxf3 c6) 20. Bxc6 $1 $16 gxf3 21. Qxf3 Be5 {zielt auf ...Dh4 ab.} 22. Bd5 c6 23. Bb3 Qh4 {[%csl Ge5][%cal Rh4h2] [#]} 24. h3 $1 (24. Qg2+ $2 Kh8 $19) 24... Kh8 25. Kh1 Rg8 26. Rg1 ({Jedoch nicht} 26. Bxf7 $2 Raf8 $19) 26... Rg5 (26... Raf8 $16 {war angesagt.} 27. d4 Rxg1+ 28. Rxg1 Qf4 29. Qxf4 Bxf4) 27. Rxg5 $18 (27. Bxf7 Rf8 $11) 27... hxg5 28. Kg2 ({Und nicht} 28. Bxf7 Rf8 $11) ({Günstiger ist} 28. d4 $18 Bg7 29. Rg1 (29. Bxf7 Rf8 $16)) 28... Rf8 $16 29. Qg4 (29. a5 {seems wilder.} Qf4 30. d4 Qxf3+ 31. Kxf3 Bf6 32. Ra4) 29... Qxg4+ 30. hxg4 {[%mdl 4096] Endspiel KTL-KTL} Kg7 31. Rh1 Rb8 32. d4 Bf4 33. Bc2 a5 34. d5 (34. Kf3 $14) 34... cxd5 $11 35. exd5 b5 36. Rb1 Be5 37. axb5 Rxb5 38. Be4 Kf6 39. Kf3 Ke7 40. Ke2 Kd8 41. Kd2 a4 42. f3 f6 43. Kc2 a3 44. bxa3 Rxb1 45. Kxb1 Bxc3 $14 {KL-KL} 46. Kc2 Be1 47. Kd3 Kc7 48. Bg6 Kb6 49. Ke4 Bg3 50. Kf5 Be5 51. Ke6 Kb5 52. Be8+ Kc5 53. a4 Kb4 54. Bc6 Ka5 55. Kd7 Bf4 56. Ke6 Be5 57. Ke7 {Weiß steht etwas besser.} Kb6 58. Kd7 Bf4 59. Ke8 Ka5 60. Kf7 Be5 61. Kg6 Bc3 62. Kf5 Be5 63. Ke4 Kb4 64. Bd7 Ka5 65. Kd3 Bf4 66. Kc4 Be5 {Precision: Weiß = 66%, Schwarz = 57%.} 1/2-1/2